1436 1518 1774 1818 1566 1146 1480 1843 1415 1957 1243 1196 1835 1869 1303 1620 1262 1934 1984 1012 1586 1977 1005 1923 1977 1637 1479 1451 1163 1255 1131 1206 1014 1429 1891 1548 1600 1542 1343 1025 1343 1540 1495 1135 1311 1125 1267 1836 1471 1279 1707 1839 1351 1912 1845 1013 1599 1010 1544 1752 1537 1297 1208 1084 1397 1042 1192 1410 1261 1238 1259 1295 1805 1952 1450 1203 1580 1791 1633 1469 1239 1132 1392 1975 1865 1761 1464 1982 1360 1618 1636 1798 1321 1005 1463 1984 1987 1133 1659 BCNSPRNW ULIB Ver.6.0+V

เปลี่ยนเป็นภาษาไทย

Change to English
 แสดงรายละเอียดบรรณานุกรม
  กลับหน้าหลัก

Brief Record : Get Marc (ISO 2709) : E-mail record : QR code < ปิดหน้าต่าง
LEADER : 00000nam 2200000uu 4500
001    13399127580
003     ULIB
008    210219s2562||||th 000 0 tha d
020 ^- ^a9789746301916
060 ^- ^aWY105^bร724
100 0^ ^aรุ่งรัตน์ สุขะเดชะ.
245 10 ^aการบริหารการพยาบาล =Nursing administration /ผู้เขียน รุ่งรัตน์ สุขะเดชะ และ รัชนี ศุจิจันทรรัตน์.
246 11 ^Nursing administration
250 ^- ^aพิมพ์ครั้งที่ 1.
260 ^- ^aนครราชสีมา :^bคณะพยาบาลศาสตร์ มหาวิทยาลัยวงษ์ชวลิตกุล,^c2562
300 ^- ^a212 หน้า :^bภาพประกอบ.
490 1^ ^aโครงการตำราคณะพยาบาลศาสตร์ มหาวิทยาลัยวงษ์ชวลิตกุล
650 ^4 ^aบริการทางการพยาบาล
650  0 ^aการบริหาร.
700 0^ ^aรัชนี ศุจิจันทรรัตน์.
710 2^ ^aมหาวิทยาลัยวงษ์ชวลิตกุล.^bคณะพยาบาลศาสตร์.
830 0^ ^aโครงการตำรา (มหาวิทยาลัยวงษ์ชวลิตกุล. คณะพยาบาลศาสตร์)
945    ^p300^l0^i007606
945    ^p300^l0^i007607
999    ^aประนอม เกษจรัล
รายการนี้ยังไม่มีแท็ก
คุณยังไม่ได้ล็อกอิน คุณสามารถมีกิจกรรมร่วมกับเว็บไซต์ได้ แต่ต้องล็อกอินก่อน ::
  ล็อกอิน

รายการสื่อสารสนเทศ

ลำดับที่ ประเภท เลขเรียก/บาร์โค้ด สถานที่ สถานะ
1. Book การพยาบาล
หนังสือสำรอง
สถานะ=หนังสือสำรอง
WY105 ร724 ฉ.1 
  Barcode: 007606
ห้องสมุดวิทยาเขตสวรรค์ประชารักษ์
►หนังสือทั่วไป
บนชั้น
2. Book การพยาบาล
Book การพยาบาล
WY105 ร724 ฉ.2 
  Barcode: 007607
ห้องสมุดวิทยาเขตสวรรค์ประชารักษ์
►หนังสือทั่วไป
ถูกยืม กำหนดส่งวันที่ 24 ตุลาคม 2568
  จอง

รายการใกล้เคียง
    หัวเรื่อง [การบริหาร.]

BibComment


ยังไม่เคยถูกคอมเมนท์

คอมเมนท์ทรัพยากรรายการนี้
  คอมเมนท์: การบริหารการพยาบ..


 Copyright 2026. Bcnsprnw @Library